Technické rezervy v Solventosti II - málo pravděpodobmé události
Stanovenie technických rezerv podľa Direktívy Solventnosti II s dôrazom na výpočet málo pravdepodobných udalostí. Metódy, odhad a predpoklady režimu, ktorý vytvára doporučenia a návody na výpočet týchto udalostí.
Salvato in:
| Autore principale: | |
|---|---|
| Natura: | Capitolo di libro |
| Lingua: | ceco |
| Soggetti: | |
| Tags: |
Nessun Tag, puoi essere il primo ad aggiungerne!!
|
MARC
| LEADER | 00000naa a2200000 4500 | ||
|---|---|---|---|
| 001 | 0161596 | ||
| 005 | 20220729111456.6 | ||
| 041 | 0 | |a cze | |
| 044 | |a CZ | ||
| 245 | 1 | 0 | |a Technické rezervy v Solventosti II - málo pravděpodobmé události |c Jakub Mertl |
| 520 | |a Stanovenie technických rezerv podľa Direktívy Solventnosti II s dôrazom na výpočet málo pravdepodobných udalostí. Metódy, odhad a predpoklady režimu, ktorý vytvára doporučenia a návody na výpočet týchto udalostí. | ||
| 610 | 2 | 0 | |a poisťovníctvo |
| 610 | 2 | 0 | |a poisťovne |
| 610 | 2 | 0 | |a udalosti poistné |
| 610 | 2 | 0 | |a rezervy technické |
| 610 | 2 | 0 | |a matematika poistná |
| 610 | 2 | 0 | |a metódy aktuárske |
| 610 | 2 | 0 | |a smernice |
| 100 | 1 | |a Mertl, Jakub | |